The little data book on infformation and communication technology
Sparad:
| Institutionell upphovsman: | |
|---|---|
| Materialtyp: | Bok |
| Språk: | Undetermined |
| Publicerad: |
Washington, D.C.
World Bank
2007
|
| Ämnen: | |
| Taggar: |
Lägg till en tagg
Inga taggar, Lägg till första taggen!
|
| Thư viện lưu trữ: | Trung tâm Học liệu Trường Đại học Cần Thơ |
|---|
| LEADER | 00529nam a2200181Ia 4500 | ||
|---|---|---|---|
| 001 | CTU_125372 | ||
| 008 | 210402s9999 xx 000 0 und d | ||
| 082 | |a 384 | ||
| 082 | |b W927 | ||
| 110 | |a The World Bank | ||
| 245 | 4 | |a The little data book on infformation and communication technology | |
| 245 | 4 | |c The World Bank | |
| 260 | |a Washington, D.C. | ||
| 260 | |b World Bank | ||
| 260 | |c 2007 | ||
| 650 | |a Information technology,Telecommunication | ||
| 904 | |i Minh | ||
| 980 | |a Trung tâm Học liệu Trường Đại học Cần Thơ | ||